MARC details
| 000 -LEADER |
| fixed length control field |
01104cam a2200361 4500 |
| 001 - CONTROL NUMBER |
| control field |
sjds1023084 |
| 003 - CONTROL NUMBER IDENTIFIER |
| control field |
sjds |
| 005 - DATE AND TIME OF LATEST TRANSACTION |
| control field |
20170518134725.0 |
| 008 - FIXED-LENGTH DATA ELEMENTS--GENERAL INFORMATION |
| fixed length control field |
090423t20092009sp b 000 1 spa d |
| 010 ## - LIBRARY OF CONGRESS CONTROL NUMBER |
| LC control number |
BD 09113021 |
| 020 ## - INTERNATIONAL STANDARD BOOK NUMBER |
| International Standard Book Number |
8498674697 : pbk. |
| 035 ## - SYSTEM CONTROL NUMBER |
| System control number |
397651 |
| 035 ## - SYSTEM CONTROL NUMBER |
| System control number |
(OCoLC)316831975 |
| 035 ## - SYSTEM CONTROL NUMBER |
| System control number |
397651 |
| 035 ## - SYSTEM CONTROL NUMBER |
| System control number |
397651 |
| 040 ## - CATALOGING SOURCE |
| Language of cataloging |
eng |
| Description conventions |
rda |
| Transcribing agency |
sjds |
| 041 1# - LANGUAGE CODE |
| Language code of text/sound track or separate title |
spa |
| Language code of original |
eng |
| 100 1# - MAIN ENTRY--PERSONAL NAME |
| Personal name |
Shaffer, Mary Ann. |
| 240 10 - UNIFORM TITLE |
| Uniform title |
<a href="Guernsey Literary and Potato Peel Pie Society.">Guernsey Literary and Potato Peel Pie Society.</a> |
| Language of a work |
Spanish |
| 245 13 - TITLE STATEMENT |
| Title |
La Sociedad Literaria y del Pastel de Cáscara de Papa de Guernsey / |
| Statement of responsibility, etc. |
Mary Ann Shaffer y Annie Barrows ; traducción de Sandra Campos. |
| 250 ## - EDITION STATEMENT |
| Edition statement |
1a edition. |
| 260 ## - PUBLICATION, DISTRIBUTION, ETC. (IMPRINT) |
| Place of publication, distribution, etc. |
Barcelona : |
| Name of publisher, distributor, etc. |
RBA Libros, |
| Date of publication, distribution, etc. |
2009 |
| 264 #1 - PRODUCTION, PUBLICATION, DISTRIBUTION, MANUFACTURE, AND COPYRIGHT NOTICE |
| Place of production, publication, distribution, manufacture |
Barcelona : |
| Name of producer, publisher, distributor, manufacturer |
RBA Libros, |
| Date of production, publication, distribution, manufacture, or copyright notice |
[2009] |
| 264 #4 - PRODUCTION, PUBLICATION, DISTRIBUTION, MANUFACTURE, AND COPYRIGHT NOTICE |
| Date of production, publication, distribution, manufacture, or copyright notice |
c2009 |
| 300 ## - PHYSICAL DESCRIPTION |
| Extent |
303 pages : |
| Other physical details |
map ; |
| Dimensions |
22 cm |
| 336 ## - CONTENT TYPE |
| Content type term |
text |
| Content type code |
txt |
| Source |
rdacontent |
| 337 ## - MEDIA TYPE |
| Media type term |
unmediated |
| Media type code |
n |
| Source |
rdamedia |
| 338 ## - CARRIER TYPE |
| Carrier type term |
volume |
| Carrier type code |
nc |
| Source |
rdacarrier |
| 655 #7 - INDEX TERM--GENRE/FORM |
| Genre/form data or focus term |
Epistolary fiction. |
| Source of term |
lcgft |
| 700 1# - ADDED ENTRY--PERSONAL NAME |
| Personal name |
Barrows, Annie. |
| 700 1# - ADDED ENTRY--PERSONAL NAME |
| Personal name |
Campos, Sandra Regina Leite de. |
| 942 ## - ADDED ENTRY ELEMENTS (KOHA) |
| Koha item type |
Libro/Book |